| 000 | 00735cam a2200265 4500 | ||
|---|---|---|---|
| 008 | 090401t1995 xxu||||| |||| 00| 0 eng d | ||
| 020 | _a1860810055 | ||
| 035 | _a(Sirsi) u58174 | ||
| 041 | _aeng | ||
| 050 | _a698.5 | ||
| 100 | _aGarvin, S.L. | ||
| 245 | _aDouble-glazing units: a BRE guide to improved durability. | ||
| 260 |
_aGarston, Watford _bBuilding Research Establishment _c1995 |
||
| 300 | _aiv,22p. : ill. ; 30cm. | ||
| 350 | _a20 | ||
| 490 |
_aBRE Report _v280 |
||
| 650 | _aDOUBLE GLAZING | ||
| 650 | _aGLAZING | ||
| 650 | _aSEALANTS | ||
| 690 | _aBUILT ENVIRONMENT-BUILDING PATHOLOGY | ||
| 700 | _aBlois-Brooke, T.R.E | ||
| 710 | _aBuilding Research Establishment | ||
| 942 | _n0 | ||
| 948 | _c04/03/1997 | ||
| 999 |
_c94036 _d94036 |
||